| 000 | 00704nam a2200253 a 4500 | ||
|---|---|---|---|
| 001 | 29184 | ||
| 003 | BD-RjUL | ||
| 005 | 20211209051401.0 | ||
| 008 | 140401s1961 nyua b 001 0 eng d | ||
| 035 | _a(BD-RjUL)29269 | ||
| 040 |
_aDLC _cWSU _dSER _dBD-RjUL _beng |
||
| 041 | _aeng | ||
| 082 |
_a126 _bSTP 1961 |
||
| 100 | 1 |
_aStagner, Ross, _d1909-1997 _988933 |
|
| 245 | 1 | 0 | _aPsychology of personality / |
| 250 | _a3d ed. | ||
| 260 |
_aNew York : _bMcGraw-Hill, _cc1961. |
||
| 300 |
_aviii, 586 p. : _bill. ; _c24 cm |
||
| 504 | _aIncludes bibliography and index. | ||
| 650 | 0 |
_aPersonality _989100 |
|
| 830 | 0 |
_aMcGraw-Hill series in psychology _989104 |
|
| 942 |
_2ddc _cBK |
||
| 999 |
_c29184 _d29184 |
||